01289nam a2200241Ia 450000100060000000300090000600800410001504000130005604000130006904100130008210000170009510000290011224500310014124500310017225000110020326000140021426000160022826000490024430000430029350006600033665000200099665000310101624771IT-RoPAU130308s9999 xx 000 0 und d aIT-RoPAU cIT-RoPAU aITALIANO aMila Massimo gCodice Aut. SPICS: 3761 aCostumi della traviata (I) bCostumi della Traviata (I) a1a ed. aPORDENONE bStudio Tesi c1984 [1° Ed.:1984 - Ed.Ling.Originale:1984] a"330 p. (prefazione: no ; testo: 330)" aNascita del melodramma Teatro Alla moda Idomeneo di Mozart Il Ratto del Serraglio di Mozart geometria Amorosa di così Fan Tutte di Mozart la Clemenza di Tito tra neoclassicismo e restaurazione Opera Come Forma Popolare della Comunicazione Artistica gli Ugonotti di Meyerbeer la Traviata di Giuseppe Verdi Classicità del Boris di Musorgskij Jenufa di Janacek Felicità e Orrore in Elettra di Richard Strauss Il cavaliere della Rosa di Richard Strauss L'Angelo di fuoco di Prokofiev Turandot di Busoni Mathis Der Maler di Paul Hindemith Il Prigioniero di Dallapiccola Ulisse di Dallapiccola Teatro in Musica Rapporto Musica Parola Storia del Melodramma aGENERI MUSICALI eCodice materia Spics: 7010